Železniční stavby : měřící technika a dynamika železničních staveb /

Hlavní autor: Smutný, Jaroslav, 1961-
Korporativní autor: Vysoké učení technické v Brně. Stavební fakulta
Další autoři: Pazdera, Luboš, 1963-
Jazyk: Čeština
Vydáno: Brno : CERM, 1998
Témata:
Fyzický popis: 69 s. : il. ; 29 cm
Knihy
Uloženo v:
LEADER 01741nam a2200373 a 4500
001 000321192
003 CZ BrMZK
005 20080715135212.0
007 ta
008 980115s1998 xr a f cze d
015 |a cnb000362629 
020 |a 80-214-0976-2 
035 |a (OCoLC)40081530 
040 |a BOA001  |b cze 
080 |a 625.1(075.8)  |2 MRF 
100 1 |a Smutný, Jaroslav,  |d 1961-  |7 mzk2002146577  |4 aut 
245 1 0 |a Železniční stavby :  |b měřící technika a dynamika železničních staveb /  |c Jaroslav Smutný, Luboš Pazdera 
260 |a Brno :  |b CERM,  |c 1998 
300 |a 69 s. :  |b il. ;  |c 29 cm 
504 |a Obsahuje bibliografii 
550 |a Vydavatel: Vysoké učení technické v Brně 
653 0 |a měřicí technika  |a železniční stavby 
700 1 |a Pazdera, Luboš,  |d 1963-  |7 jn20000620270  |4 aut 
710 2 |a Vysoké učení technické v Brně.  |b Stavební fakulta  |7 kn20010709423 
910 |a BOA001  |b 4-1045.892  |b TK-A-0262.815 
920 |a 000289760 
964 |a Stavby železniční  |x učebnice  |x školy vysoké 
990 |a BK 
996 6 |b 2610072053  |c 4-1045.892  |l MZK  |r Sklad / do 1 hodiny  |n 2  |p p.v.  |w 000321192  |u 000010  |a 1  |e BOA001  |j MZK50  |s P 
996 7 |b 2620010016  |c TK-A-0262.815  |l MZK  |r Sklad / do 24 hodin  |n 1  |p kup  |w 000321192  |u 000020  |a 1  |e BOA001  |j MZK50  |s A 
996 7 |b 2620010017  |c TK-A-0262.815  |l MZK  |r Sklad / do 24 hodin  |n 2  |p kup  |w 000321192  |u 000030  |a 1  |e BOA001  |j MZK50  |s A 
996 7 |b 2620010018  |c TK-A-0262.815  |l MZK  |r Sklad / do 24 hodin  |n 0  |p kup  |w 000321192  |u 000040  |a 1  |e BOA001  |j MZK50  |s A 
996 7 |b 2620010019  |c TK-A-0262.815  |l MZK  |r Sklad / do 24 hodin  |n 1  |p kup  |w 000321192  |u 000050  |a 1  |e BOA001  |j MZK50  |s A 
996 7 |b 2620010020  |c TK-A-0262.815  |l MZK  |r Sklad / do 24 hodin  |n 1  |p kup  |w 000321192  |u 000060  |a 1  |e BOA001  |j MZK50  |s A